Phương pháp phòng chống các bệnh virut của súc vật

Sparad:
Bibliografiska uppgifter
Huvudupphovsman: I A Bakulov
Materialtyp: Bok
Språk:Undetermined
Publicerad: Hà nội Nông Nghiệp 1980
Ämnen:
Taggar: Lägg till en tagg
Inga taggar, Lägg till första taggen!
Thư viện lưu trữ: Trung tâm Học liệu Trường Đại học Cần Thơ
LEADER 00587nam a2200181Ia 4500
001 CTU_13976
008 210402s9999 xx 000 0 und d
082 |a 636.0896925 
082 |b B166 
100 |a I A Bakulov 
245 0 |a Phương pháp phòng chống các bệnh virut của súc vật 
245 0 |c I A Bakulov, N M Uavansev, V V Makarov; Dịch giả: Phạm Quân 
260 |a Hà nội 
260 |b Nông Nghiệp 
260 |c 1980 
650 |a veterinary virology 
904 |i Minh, 961219 
980 |a Trung tâm Học liệu Trường Đại học Cần Thơ